Adosphère 2 - Méthode de français - A1.A2 (Record no. 123771)

MARC details
000 -LÍDER
campo de controle de tamanho fixo 00262 a2200109 4500
001 - NÚMERO DE CONTROLE
campo de controle 123771
020 ## - ISBN - INTERNATIONAL STANDARD BOOK NUMBER
ISBN - International Standard Book Number 9782011557155
040 ## - FONTE DA CATALOGAÇÃO
Instituição que transcreveu o registro Escola Canadense de Niteroi
100 ## - ENTRADA PRINCIPAL--NOME PESSOAL
Nome pessoal Himber, Céline
245 10 - TÍTULO
Título Adosphère 2 - Méthode de français - A1.A2
942 ## - ELEMENTOS DE ENTRADA ADICIONADOS (KOHA)
Tipo de material Koha Livros
Holdings
Situação do descarte Situação das perdas Situação física Não pode ser emprestado Biblioteca de origem Biblioteca atual Data de aquisição Total de empréstimos Código de barras Data de último acesso Data do preço efetivo Tipo de material Koha
        Canadian School of Niterói - Itacoatiara Canadian School of Niterói - Itacoatiara 09/02/2024   A110RS 09/02/2024 09/02/2024 Livros
        Canadian School of Niterói - Piratininga Canadian School of Niterói - Piratininga 09/02/2024   A21107 09/02/2024 09/02/2024 Livros
        Canadian School of Niterói - Piratininga Canadian School of Niterói - Piratininga 09/02/2024   A10601 09/02/2024 09/02/2024 Livros
        Canadian School of Niterói - Piratininga Canadian School of Niterói - Piratininga 09/02/2024   A23059 09/02/2024 09/02/2024 Livros